MARC

LEADER 00000nam0a2200000 4500
001 73369
005 20231101212713.0
035 |a (RuTPU)RU\TPU\book\78294 
035 |a RU\TPU\book\252423 
035 |a RU\TPU\book\77847 
090 |a 73369 
100 |a 20130201d1959 k y0rusy50 ca 
101 0 |a rus 
102 |a RU 
105 |a a z 001zy 
200 1 |a Турнейский ярус Северного и Среднего Урала  |f Н. П. Малахова  |g Академия наук СССР (АН СССР), Уральский филиал (УФ), Горно-геологический институт 
210 |a Свердловск  |c Изд-во УФ АН СССР  |d 1959 
215 |a 104 с.  |c ил. 
225 1 |a Труды Горно-геологического института  |v Вып. 38 
320 |a Библиогр.: с. 98-99. 
606 1 |a Каменноугольные отложения  |2 stltpush  |3 (RuTPU)RU\TPU\subj\13575  |9 40161 
610 1 |a Урал 
610 1 |a стратиграфия 
610 1 |a Урал 
610 1 |a разрезы 
610 1 |a палеонтология 
610 1 |a таблицы 
610 1 |a фораминиферы 
610 1 |a водоросли 
675 |a 552.574  |v 3 
700 1 |a Малахова  |b Н. П. 
712 0 2 |a Академия наук СССР (АН СССР)  |b Уральский филиал (УФ)  |b Горно-геологический институт  |2 stltpush  |3 (RuTPU)RU\TPU\col\18550 
801 1 |a RU  |b 63413507  |c 20050215  |g PSBO 
801 2 |a RU  |b 63413507  |c 20181017  |g PSBO 
942 |c BK